Statistics for Famous Australians

Click here to take the quiz!

General Stats

  • This quiz has been taken 28 times
  • The average score is 7 of 10

Answer Stats

Answer% Correct
Hugh Jackman
93%
Liam Hemsworth
93%
Steve Irwin
93%
Chris Hemsworth
85%
Heath Ledger
74%
Kylie Minogue
70%
Cate Blanchett
63%
Rupert Murdoch
59%
Eric Bana
48%
Luke Hemsworth
19%

Score Distribution

Percentile by Number Answered

Percent of People with Each Score

Your Score History

You have not taken this quiz